| 000 | 00713nam a22002297a 4500 | ||
|---|---|---|---|
| 001 | 31044 | ||
| 003 | BD-RjUL | ||
| 005 | 20211209051643.0 | ||
| 008 | 140413s1968 enk 001 0 eng d | ||
| 020 | _a0422719706 | ||
| 035 | _a(BD-RjUL)31131 | ||
| 040 |
_aBD-RjUL _beng _cBD-RjUL |
||
| 041 | _aeng | ||
| 082 |
_a262 _bRUM 1968 |
||
| 100 | 1 |
_aRudge, Peter F. _95137 |
|
| 245 |
_aMinistry and management : _bthe study of ecclesiastical administration / _cby Peter Frederick Rudge and forword by A. T. Hason. |
||
| 260 |
_aLondon : _bTavistock, _cc1968. |
||
| 300 |
_axvi, 191 p. ; _c22 cm. |
||
| 504 | _aIncludes bibliographical references and index. | ||
| 650 | 0 |
_aChurch management. _95138 |
|
| 942 |
_2ddc _cBK |
||
| 999 |
_c31044 _d31044 |
||